000 00224nam a2200085Ia 4500
008 170524s9999 xx 000 0 und d
100 _aKhetarpaul-Neelam
245 0 _aProfessional Chef_The art of fine Cooking
260 _bUBS Pub.Dis.Ltd
260 _c2006
999 _c7361
_d7361